00390pam a2200157 a 4500020000500000040002500005041001300030082001700043100002300060245005400083250001400137260003500151300001300186365001300199653002000212 c aMedical College Lib. aENGhENG a616.994bFOL aFoley, John F. . aCurrent Therapy in Cancer / chTextual Documents a2nd / b. a : bW. B. Saunders , c1999. a139 ; c a3,996=00 aMedical Science